Szczegóły MARC21

Wokół konstytucji i zdrowego rozsądku : prace dedykowane Profesorowi Tadeuszowi Smolińskiemu = Circum constitutionem rationemque sanam /

003 -Nazwa inst., której nr kontr. jest w polu 001 [,]
    • @
    • Nazwa instytucji, której n kontrolny jest w polu 001
    • NUKAT
005 -DATA I CZAS OSTATNIEJ MODYFIKACJI [,]
    • @
    • pole kontrolne
    • 20241231093810.0
020 -Międzynarod. znormalizowany nr książki - ISBN [ , ]
    • a
    • Numer ISBN
    • 9788392282099 Find
040 -Instytucja sporządzająca opis [ , ]
    • a
    • Instytucja, która sporządziła opis (NP)
    • SZCZ M/AB
    • c
    • Instytucja, która sporządziła rekord (NP)
    • SZCZ M/AB
    • d
    • Instytucja, która zmodyfikowała rekord (P)
    • POZN U/GZs
    • d
    • Instytucja, która zmodyfikowała rekord (P)
    • WR U/DFs
942 -Rodzaj dokumentu [ , ]
    • c
    • Rodzaj dokumentu
    • Książka
245 -Strefa tytułu i oznaczenia odpowiedzialności [0,0]
    • a
    • Tytuł
    • Wokół konstytucji i zdrowego rozsądku : Find
    • b
    • Ciąg dalszy tytułu (NP)
    • prace dedykowane Profesorowi Tadeuszowi Smolińskiemu = Circum constitutionem rationemque sanam / Find
    • c
    • Pozostałe elementy strefy tytułu i oznaczenia odpowiedzialności (NP)
    • pod red. Jerzego Ciapały i Antoniego Rosta.
246 -Wariant tytułu [3,1]
    • a
    • Tytuł (NP)
    • Circum constitutionem rationemque sanam
260 -Strefa adresu wydawniczego [ , ]
    • a
    • Miejsce wydania (P)
    • Szczecin :
    • b
    • Nazwa wydawcy (P)
    • Uniwersytet Szczeciński. Wydział Prawa i Administracji :
    • b
    • Nazwa wydawcy (P)
    • Stowarzyszenie Edukacji Społecznej i Prawnej "Ius et Rato" ;
    • a
    • Miejsce wydania (P)
    • Jarocin :
    • b
    • Nazwa wydawcy (P)
    • Wielkopolska Wyższa Szkoła Humanistyczno-Ekonomiczna,
    • c
    • Data wydania (P)
    • 2011.
300 -Strefa opisu fizycznego [ , ]
    • a
    • Określenie formy książki i/lub objętość (NP)
    • 383 s., [6] s. tabl. :
    • b
    • Oznaczenie ilustracji (NP)
    • il. kolor. ;
    • c
    • Format (NP)
    • 24 cm.
336 -Typ zawartości [ , ]
    • a
    • Termin opisujący typ zawartości
    • Tekst
    • b
    • Kod określający zawartość
    • txt
    • 2
    • Źródło (terminu i kodu)
    • rdacontent
337 -Typ mediów [ , ]
    • a
    • Tryb odtwarzania
    • Bez urządzenia pośredniczącego
    • b
    • Kod typu mediów
    • n
    • 2
    • Źródło (terminu i kodu)
    • rdamedia
338 -Typ/rodzaj nośnika [ , ]
    • a
    • Hasło opisujące typ nośnika
    • Wolumin
    • b
    • Kod typu nośnika
    • nc
    • 2
    • Źródło (terminu i kodu)
    • rdacarrier
080 -Uniwersalna Klasyfikacja Dziesiętna [ , ]
    • 2
    • Identyfikator wydania tablic
    • UDC-P058
    • 9
    • UKD
    • 3345
    • a
    • Symbol klasyfikacji
    • 34
    • b
    • Dopowiedzenie
    • Nauki prawne. Prawo.
    • 4
    • UKD2
    • 8124
    • x
    • Poddział wspólny
    • (082.1)
    • c
    • Dopowiedzenie poddz. wspólnego
    • (Zbiory prac różnych autorów. Księgi pamiątkowe).
600 -Hasło przedmiotowe w formie nazwy osobowej [1,7]
    • a
    • Nazwa osobowa
    • Smoliński, Tadeusz
    • d
    • Daty związane z nazwą
    • (1937-2022).
    • 2
    • Źródło terminu
    • kaba
    • 9
    • KHW
    • 10587
650 -Hasło przedmiotowe [ ,7]
    • a
    • Hasło przedmiotowe
    • Prawo
    • v
    • Określnik formalny
    • miscellanea.
    • 2
    • Źródło terminu
    • kaba
    • 9
    • KHW
    • 371115
650 -Hasło przedmiotowe [ ,7]
    • a
    • Hasło przedmiotowe
    • Prawo konstytucyjne
    • v
    • Określnik formalny
    • miscellanea.
    • 2
    • Źródło terminu
    • kaba
    • 9
    • KHW
    • 361844
980 -Symbol UKD [ , ]
    • a
    • UKD
    • 34(082.1)
700 -Hasło dodatkowe - nazwa osobowa [1, ]
    • a
    • Nazwa osobowa (NP)
    • Ciapała, Jerzy. Find
    • e
    • Określenie rodzaju współpracy
    • Red.
    • 9
    • KHW
    • 10559
700 -Hasło dodatkowe - nazwa osobowa [1, ]
    • a
    • Nazwa osobowa (NP)
    • Rost, Antoni Find
    • d
    • Daty biograficzne (NP)
    • (1947- ).
    • e
    • Określenie rodzaju współpracy
    • Red.
    • 9
    • KHW
    • 71315
920 -ISBN [ , ]
    • a
    • ISBN
    • 978-83-922820-9-9 Find
Lokalizacja Data inwentaryzacji Numer inwentarzowy Status udost. Obwoluta Sygnatura
BG2016-05-17Z.12181711 
BSA2011-10-05SA.2039411SA.20394
BSA2011-10-05SA.2039511SA.20395
BSA2011-10-05SA.20393-31SA.20393
GW2015-09-01GW.5284-3 342
GW2016-03-17GW.7198-31342
GW2016-03-17GW.7199-31342
GW2016-03-17GW.7201-3 342
GW2016-03-17GW.7200-31342